000 00892nam a2200289 i 4500
001 000033279
003 DO-SdBNP
005 20250728084629.0
007 ta
008 250728s1966 dr 000 0 spa d
040 _aDO-SdBNP
_bspa
_cBNPHU
_erda
041 _asp
082 _a342.729302
_bR426c
_222
110 1 _aRepública Dominicana.
_9447
240 1 0 _aConstitución (1966)
245 1 0 _aConstitución política de la República Dominicana.
264 _aSanto Domingo :
_b[Editora desconocida],
_c1966
300 _a43 páginas. ;
_c23 cm.
336 _ardacontent
_btexto
_2txt
337 _ardamedia
_bsin mediación
_2n
338 _ardacarrier
_bvolumen
_2nc
590 _aInventariado, 2025/ DG
651 4 _aRepública Dominicana
_xConstitución (1887{Rpara}
_958890
651 4 _aRepública Dominicana
_xDerecho Constitucional
_99303
910 _aDG
942 _2ddc
_cLF2
999 _c59643
_d59643